000 00791nam a2200241 a 4500
999 _c12188
_d12188
001 12188
003 BD-JhCC
005 20210323105022.0
008 210323b 2006bg a|||| ||a| 000 0 ben d
020 _a9846371268
035 _a(BD-JhCC)12188
040 _aBD-JhCC
_dBD-JhCC
041 _aben
082 _a032.083
_bMOH 2006
245 _aমহাবিশ্ব /
_cসম্পা: আলী ইমাম
260 _aঢাকা :
_bবিজ্ঞান একাডেমী;
_c২০০৬.
300 _a52 P. :
_bill ;
_c24 cm.
490 _aছোটদের বিজ্ঞানপিডিয়া --১:
650 _aChildren's encyclopedias and dictionaries
650 _aEncyclopedias and dictionaries
700 _a ইমাম, আলী
942 _2ddc
_cBK